Access to civil procedure abroad

Đã lưu trong:
书目详细资料
格式: 图书
语言:Undetermined
出版: The Hague, Netherlands Kluwer Law International 1996
主题:
标签: 添加标签
没有标签, 成为第一个标记此记录!
Thư viện lưu trữ: Trung tâm Học liệu Trường Đại học Cần Thơ
LEADER 00547nam a2200181Ia 4500
001 CTU_27156
008 210402s9999 xx 000 0 und d
020 |c 171.19 
082 |a 347.405 
082 |b A169 
245 0 |a Access to civil procedure abroad 
260 |a The Hague, Netherlands 
260 |b Kluwer Law International 
260 |c 1996 
650 |a Civil procedure (International law),Civil procedure 
650 |z European Union countries 
904 |i Minh, Giang sửa 
980 |a Trung tâm Học liệu Trường Đại học Cần Thơ